Development and well-being : mankind's agenda for the twenty first century

Bibliographic Details
Main Author: Abdul Rahman Embong
Format: Book
Published: Bangi : Universiti Kebangsaan Malaysia , 2005
Subjects:

MARC

LEADER 00000cam a2200000 7i4500
001 0000003480
005 20060403.0
020 0 0 |a 9679427307 
090 0 0 |a 307.170905   |b ABD 
100 1 0 |a Abdul Rahman Embong 
245 1 0 |a Development and well-being :   |b mankind's agenda for the twenty first century   |c Abdul Rahman Embong 
260 0 0 |a Bangi :   |b Universiti Kebangsaan Malaysia ,   |c 2005 
650 0 0 |a Community development   |y 21st century 
650 0 0 |a Social planning   |y 21st century 
650 0 0 |a Speeches, addresses, etc. 
999 |a 0000006781   |b Monograph   |c Open Shelf   |e Default branch